Körmöczbánya Vártemplom

Zobrazenie: Pohľad v bielom orámovaní na hrad s Kostolom sv. Kataríny vľavo. Vpravo vidno hradné veže. Vľavo a v popredí sú lisntaté stromy a kríky

Bibliographic Details
Format: Photo
Language:Hungarian
PhysicalDescription:1 pohľadnica kolorovaná 9 x 14 cm
Published: Körmöczbánya Ritter Lipót J. [1910?]
Subjects:

MARC

LEADER 00000ckm a2200000 a 4500
001 vtls001434396
003 SK-MaSNL
005 20260301230145.0
007 kf ho
008 230706q1910 xo g 0kuhun
015 |a SNBG1910 
035 |a SNK000389473 
035 |a urn:nbn:sk:snk-km3lv8s 
035 |a B958D9D0-9A96-4C58-AE6F-98EBF9E4C797 
035 |a urn:nbn:sk:snk-km00dskv 
040 |a SNK  |b slo  |c SNK  |e AACR2 
041 0 |a hun 
043 |a e-xo--- 
044 |a xo  |c SK 
072 7 |a 913  |x Regionálna geografia  |2 konspekt 
080 |a 913(437.6)  |2 2011 
080 |a 728.81  |2 2011 
080 |a 726:27-523.42  |2 2011 
080 |a 725/726.012.28  |2 2011 
080 |a 94(084.121)  |2 2011 
245 0 0 |a Körmöczbánya  |h grafika  |b Vártemplom 
260 |a Körmöczbánya  |b Ritter Lipót J.  |c [1910?] 
300 |a 1 pohľadnica  |b kolorovaná  |c 9 x 14 cm 
500 |a Názvové údaje prevzaté z obrazovej časti pohľadnice 
520 8 |a Zobrazenie: Pohľad v bielom orámovaní na hrad s Kostolom sv. Kataríny vľavo. Vpravo vidno hradné veže. Vľavo a v popredí sú lisntaté stromy a kríky 
610 1 7 |a Kremnica (Slovensko : hrad)  |2 SNKKA  |9 160405 
610 2 7 |a Kostol sv. Kataríny Alexandrijskej (Kremnica, Slovensko)  |2 SNKKA  |9 175712 
650 0 7 |a hrady  |2 SNKPH  |9 3039 
650 0 7 |a kostoly  |2 SNKPH  |9 3023 
650 0 7 |a veže  |2 SNKPH  |9 30797 
651 7 |a Kremnica (Slovensko)  |2 SNKPHgeo  |9 26188 
655 7 |a miestne pohľadnice  |2 SNKPH  |9 70510 
655 7 |a historické pohľadnice  |2 SNKPH  |9 159703 
752 |a Slovensko  |d Kremnica 
852 |a Slovenská národná knižnica 
958 |a GBN 
958 |a ONDV 
958 |a GC 
999 |c 953702  |d 955632 
952 |t P60, <06>, [BOOK], {603}  |a SNK  |b SNK  |y PREZ  |7 0  |p 17A1285974  |o snkSP 151006  |i snkPV 295/2002  |z Pohľadnica prešla poštou.  |0 0  |1 0  |4 0  |d 2002-05-20  |f 1  |l 0  |r 2005-01-02 00:00:00  |w 2026-02-24